| 000 | 00486nam a2200181 i 4500 | ||
|---|---|---|---|
| 001 | bg | ||
| 100 | 1 | _aCISZEWSKI, Andrzej | |
| 245 | 0 |
_aĆwiczenia laboratoryjne z materiałoznawstwa / _cA. Ciszewski, T. Radomski, A. Szummer. |
|
| 250 | _aWyd.2 popr. | ||
| 260 |
_aWarszawa, _c1983. |
||
| 700 | 1 | _aRADOMSKI, Tadeusz | |
| 700 | 1 | _aSZUMMER, Andrzej | |
| 040 | _cBPK | ||
| 041 | _apol | ||
| 080 | _a620.1/.2(075.8)(076) | ||
| 942 | _cKS | ||
| 008 | s pl f |000 0 pol | ||
| 999 |
_c21697 _d21697 |
||
| 856 |
_uhttp://koha.tu.koszalin.pl/cgi-bin/koha/opac-detail.pl?biblionumber=21697 _yKatalog online BPK |
||